000 00853nam a2200265 a 4500
001 BRL_1422
005 20190320211210.0
008 140114s1986----mx-ao#####---#000-0#spa-#
020 _a968718020X
041 _amx
044 _aspa
050 4 _aF1219.3
_b.T49 1986
245 1 0 _aEl Textil mexicano
_blínea y color.
260 _aMéxico
_bMuseo Rufino Tamayo
_c1986
300 _a62 p.
_bil. a color
_c30 cm.
500 _aAu1674
500 _aCatálogo de la exposición realizada en el Museo Rufino Tamayo, (México) Febrero - Abril 1986.
504 _aBibliografía : p. 47-49
650 1 4 _aIndígenas de México
_vExposiciones
_xRopa
_94724
650 1 4 _aTelas de indias
_vExposiciones
_zMéxico
_94725
650 1 4 _aTrajes
_vExposiciones
_zMéxico
_94726
650 1 4 _aTelas
_vExposiciones
_zMéxico
_94727
902 _aGRL
942 _2lcc
_cB
999 _c10232
_d10232